000
00314nam a2200109Ia 4500
008
200302s9999 xx 000 0 und d
100
_a
Alfred G. Geeson
245
_a
Building Science Structures for Student of Architecture & Building
260
_b
The English Universities Press Ltd
260
_c
1967
300
_a
412 P.,
999
_c
23
_d
23